Szczegóły MARC21

Novellen : Das Leiden eines Knaben ; Die Richterin ; Die Versuchung des Pescara ; Angela Borgia /

003 -Nazwa inst., której nr kontr. jest w polu 001 [,]
    • @
    • Nazwa instytucji, której n kontrolny jest w polu 001
    • NUKAT
005 -DATA I CZAS OSTATNIEJ MODYFIKACJI [,]
    • @
    • pole kontrolne
    • 20241231105118.0
020 -Międzynarod. znormalizowany nr książki - ISBN [ , ]
    • a
    • Numer ISBN
    • 3485004405 Find
040 -Instytucja sporządzająca opis [ , ]
    • a
    • Instytucja, która sporządziła opis (NP)
    • SZCZ U/JS
    • b
    • Język katalogowania
    • pol
    • e
    • Zasady katalogowania
    • rda
    • c
    • Instytucja, która sporządziła rekord (NP)
    • SZCZ U/JSs
942 -Rodzaj dokumentu [ , ]
    • c
    • Rodzaj dokumentu
    • Książka
100 -Hasło główne - nazwa osobowa [1, ]
    • a
    • Nazwa osobowa (NP)
    • Meyer, Conrad Ferdinand
    • d
    • Daty biograficzne (NP)
    • (1825-1898).
    • e
    • Rodzaj współpracy
    • Autor
    • 9
    • KHW
    • 244191
245 -Strefa tytułu i oznaczenia odpowiedzialności [1,0]
    • a
    • Tytuł
    • Novellen : Find
    • b
    • Ciąg dalszy tytułu (NP)
    • Das Leiden eines Knaben ; Die Richterin ; Die Versuchung des Pescara ; Angela Borgia / Find
    • c
    • Pozostałe elementy strefy tytułu i oznaczenia odpowiedzialności (NP)
    • Conrad Ferdinand Meyer.
260 -Strefa adresu wydawniczego [ , ]
    • a
    • Miejsce wydania (P)
    • München :
    • b
    • Nazwa wydawcy (P)
    • nymphenburger,
    • c
    • Data wydania (P)
    • 1985.
300 -Strefa opisu fizycznego [ , ]
    • a
    • Określenie formy książki i/lub objętość (NP)
    • 484, [1] strona ;
    • c
    • Format (NP)
    • 17 cm.
336 -Typ zawartości [ , ]
    • a
    • Termin opisujący typ zawartości
    • Tekst
    • b
    • Kod określający zawartość
    • txt
    • 2
    • Źródło (terminu i kodu)
    • rdacontent
337 -Typ mediów [ , ]
    • a
    • Tryb odtwarzania
    • Bez urządzenia pośredniczącego
    • b
    • Kod typu mediów
    • n
    • 2
    • Źródło (terminu i kodu)
    • rdamedia
338 -Typ/rodzaj nośnika [ , ]
    • a
    • Hasło opisujące typ nośnika
    • Wolumin
    • b
    • Kod typu nośnika
    • nc
    • 2
    • Źródło (terminu i kodu)
    • rdacarrier
490 -Strefa serii i książki wielotomowej - forma nie do wyszukiwania [1, ]
    • a
    • Tytuł (P)
    • Gesammelte Werke / Conrad Ferdinand Meyer ; Find
    • v
    • Numeracja (P)
    • Bd. 3
655 -Hasło w funkcji tematu formalnego [ ,7]
    • a
    • Hasło
    • Nowele szwajcarskie w języku niemieckim
    • y
    • Określnik chronologiczny
    • 19 w.
    • 2
    • Źródło terminu
    • kaba
    • 9
    • KHW
    • 359201
700 -Hasło dodatkowe - nazwa osobowa [1,2]
    • a
    • Nazwa osobowa (NP)
    • Meyer, Conrad Ferdinand Find
    • d
    • Daty biograficzne (NP)
    • (1825-1898).
    • t
    • Tytuł ujednolicony/tytuł (NP)
    • Leiden eines Knaben Find
    • l
    • Język tekstu (NP)
    • (niem.)
    • 9
    • KHW
    • 461333
700 -Hasło dodatkowe - nazwa osobowa [1,2]
    • a
    • Nazwa osobowa (NP)
    • Meyer, Conrad Ferdinand Find
    • d
    • Daty biograficzne (NP)
    • (1825-1898).
    • t
    • Tytuł ujednolicony/tytuł (NP)
    • Richterin Find
    • l
    • Język tekstu (NP)
    • (niem.)
    • 9
    • KHW
    • 654472
700 -Hasło dodatkowe - nazwa osobowa [1,2]
    • a
    • Nazwa osobowa (NP)
    • Meyer, Conrad Ferdinand Find
    • d
    • Daty biograficzne (NP)
    • (1825-1898).
    • t
    • Tytuł ujednolicony/tytuł (NP)
    • Angela Borgia Find
    • l
    • Język tekstu (NP)
    • (niem.)
    • 9
    • KHW
    • 654471
700 -Hasło dodatkowe - nazwa osobowa [1,2]
    • a
    • Nazwa osobowa (NP)
    • Meyer, Conrad Ferdinand Find
    • d
    • Daty biograficzne (NP)
    • (1825-1898).
    • t
    • Tytuł ujednolicony/tytuł (NP)
    • Versuchung des Pescara Find
    • l
    • Język tekstu (NP)
    • (niem.)
    • 9
    • KHW
    • 461335
710 -Hasło dodatkowe - nazwa ciała zbiorowego [2, ]
    • a
    • Nazwa ciała zbiorowego lub nazwa geograficzna jako pierwszy element (NP)
    • Nymphenburger Verlagshandlung.
    • e
    • Rodzaj współpracy
    • Wydawca
    • 4
    • Kod relacji
    • pbl
    • 9
    • KHW
    • 463370
800 -Hasło dodatkowe opisu książki wielotomowej - nazwa osobowa [1, ]
    • a
    • Nazwa osobowa (NP)
    • Meyer, Conrad Ferdinand
    • d
    • Daty biograficzne (NP)
    • (1825-1898).
    • t
    • Tytuł ujednolicony/tytuł (NP)
    • Gesammelte Werke
    • v
    • Oznaczenie tomu (NP)
    • Bd. 3
    • 9
    • KHW
    • 463371
920 -ISBN [ , ]
    • a
    • ISBN
    • 3-485-00440-5 Find
Numer inwentarzowy Status udost. Lokalizacja Data inwentaryzacji Sygnatura
G.1250-3BM2000-02-11Germ. Opowiadania szwajcarskie